00622nam a2200193 a 4500001001300000003000900013005001700022008004100039020001000080082001700090100002400107245008100131260004200212300000900254500003500263505009100298650001500389700002400404nice12345678IN_TiNIC20260116012159.0050524s1895 qada grp 000 0 urd  ac10000a297.86bAHM7 aAhmad, Mirza Ghulam aNur-Ul-Qur`an No.2, Also Containsb Al-Bushra Part 1 & II, Shahadat-Ul-Quran aQadianbMatba Anwarul Ahmadiyyac1895 a84p. aincludes index and biblioraphy2 aalso contains nishan-e-asmani, asmani faisla siraj-e-munir and risala tuhfa-e-baghdad. aAhmadiyyah1 aAhmad, Mirza Ghulam